|
|
|
|
| LEADER |
00706nam a2200193 a 4500 |
| 001 |
c000107367 |
| 003 |
CARM |
| 005 |
20011011134942.0 |
| 008 |
850227s1960 enk 000 0 eng d |
| 019 |
1 |
|
|a 3705945
|z 22977471
|5 LACONCORD2021
|
| 035 |
|
|
|a (OCoLC)3247863
|5 LACONCORD2021
|
| 040 |
|
|
|a AAGD
|b eng
|c AAGD
|
| 100 |
1 |
|
|a Cecil, Henry,
|d 1902-1976.
|
| 245 |
1 |
0 |
|a Alibi for a judge /
|c Henry Cecil.
|
| 260 |
|
|
|a London :
|b Michael Joseph,
|c 1960.
|
| 300 |
|
|
|a 206 p. ;
|c 20 cm.
|
| 852 |
8 |
|
|b CARM
|h A2:AI04G0
|i A02221
|p 0154633
|f BK
|
| 999 |
f |
f |
|i 6c3f8831-782f-5262-95e1-a33d1c9a0606
|s 935e7ae6-6d34-59f0-9d64-f65aa915c96d
|
| 952 |
f |
f |
|p Can circulate
|a CAVAL
|b CAVAL
|c CAVAL
|d CARM 1 Store
|e A02221
|f A2:AI04G0
|h Other scheme
|i book
|m 0154633
|